000 00481nam a2200193Ia 4500
005 20230221143531.0
008 131103s9999 xx 000 0 und d
020 _cRs.5
040 _aLoreto College
041 _aEnglish
082 _a821(I)
_bTEJ
100 _aTejani R B
245 4 _aThe rape of literature and other poems
_cR D Tejani
260 _aDelhi
_bFalcon Poetry Societry
_c1969
300 _a39p.
650 _aEnglish poetry
850 _aLCLIB
942 _cBK
999 _c20821
_d71300